Fundamentals of wastewater treatment and engineering
| Main Author: | |
|---|---|
| Format: | Book |
| Language: | English |
| Published: |
London :
IWA publishing ,
2013
|
| Subjects: |
MARC
| LEADER | 00000cam a2200000 7i4500 | ||
|---|---|---|---|
| 001 | 0000025332 | ||
| 005 | 20140527.0 | ||
| 008 | 190514 xxka eng | ||
| 020 | |a 9780415669580 , |c RM301.20 | ||
| 040 | |a INS | ||
| 090 | 0 | 0 | |a TD745 |b R54 2013 |
| 100 | 1 | |a Riffat, Rumina | |
| 245 | 1 | 0 | |a Fundamentals of wastewater treatment and engineering |c Rumana Riffat |
| 260 | |a London : |b IWA publishing , |c 2013 | ||
| 300 | |a xxv,333p. ; |c 23cm. | ||
| 504 | |a Includes bibliographical references and index | ||
| 650 | 0 | |a Sewage |x Purification | |
| 999 | |a 1000001660 |b BOOK |c Open Shelf |e Default branch | ||